Zahnräder.

Saved in:
Bibliographic Details
Main Author: Schiebel, Adalbert, 1872-1931
Other Authors: Lindner, Wolfram
Format: Book
Language:German
Published: Berlin : Springer, 1954-.
Edition:4.,
Subjects:
LEADER 00979cam a2200289 a 4500
001 c000382150
003 CARM
005 20111011113500.0
008 111011m19549999gw a 001 0 ger d
010 |a 54042094 
019 1 |a 28212333  |5 LACONCORD2021 
035 |a (OCoLC)2421529  |5 LACONCORD2021 
040 |a DLC  |b eng  |c OTU  |d DLC 
042 |a premarc 
050 0 0 |a TJ184  |b .S33 
100 1 |a Schiebel, Adalbert,  |d 1872-1931. 
245 1 0 |a Zahnräder. 
250 |a 4.,  |b völlig neubearb. Aufl. von W. Lindner. 
260 |a Berlin :  |b Springer,  |c 1954-. 
300 |a v. :  |b ill. ;  |c 28 cm. 
650 0 |a Gearing. 
700 1 |a Lindner, Wolfram. 
852 8 |b CARM  |p 0560710  |j v.1  |f BK 
852 8 |b SCAN  |h A3:AG10C0  |i F08026  |p 0560710  |f BK 
999 f f |i 0b9667da-4027-58f7-9e1d-78ef2ef41748  |s 8eeeac09-7dc0-523d-966e-85cb80e5fdb0 
952 f f |p Can circulate  |a CAVAL  |b CAVAL  |c CAVAL  |d CARM 1 Store  |i book  |j v.1  |m 0560710 
952 f f |a CAVAL  |b CAVAL  |c CAVAL  |d Unmapped Location  |e F08026  |f A3:AG10C0  |h Other scheme